[Event "Geneve op 17th"]
[Site "Geneve"]
[Date "2001.01.28"]
[Round "9"]
[White "Lazarev, Vladimir"]
[Black "Delanoy, Arnaud"]
[Result "1-0"]
[WhiteElo "2505"]
[BlackElo "2184"]
[PlyCount "73"]
[EventDate "2001.01.20"]
[EventType "swiss"]
[EventRounds "9"]
[EventCountry "SUI"]
[SourceTitle "EXT 2002"]
[Source "ChessBase"]
[SourceDate "2001.11.25"]
[SourceVersion "1"]
[SourceVersionDate "2001.11.25"]
[SourceQuality "1"]

1. d4 d5 2. c4 dxc4 3. Nf3 Nf6 4. Nc3 Nc6 5. e4 Bg4 6. Be3 e6 7. Bxc4 Bb4 8. Qc2 0-0 9. Rd1 a6 10. Be2 Qe7 11. 0-0 h6 12. Na4 e5 13. dxe5 Nxe5 14. Nd4 Bxe2 15. Qxe2 Neg4 16. Bf4 Bd6 17. Bxd6 cxd6 18. f3 Ne5 19. Nf5 Qe6 20. Nxd6 Qxa2 21. Nc5 Qa5 22. Ncxb7 Qb6+ 23. Qf2 Qxf2+ 24. Rxf2 Rab8 25. Rc2 Ne8 26. f4 Ng4 27. Rd3 Nxd6 28. Nxd6 Rb4 29. g3 Rfb8 30. Nc4 Rc8 31. b3 Rcb8 32. h3 Nf6 33. e5 Ne4 34. Nd6 Nxd6 35. exd6 Kh7 36. d7 Rd8 37. Rc8 1-0

[Event "Geneve op 17th"]
[Site "Geneve"]
[Date "2001.01.22"]
[Round "3"]
[White "Jagstaidt, Patrick"]
[Black "Delanoy, Arnaud"]
[Result "0-1"]
[WhiteElo "2086"]
[BlackElo "2184"]
[PlyCount "94"]
[EventDate "2001.01.20"]
[EventType "swiss"]
[EventRounds "9"]
[EventCountry "SUI"]
[SourceTitle "EXT 2002"]
[Source "ChessBase"]
[SourceDate "2001.11.25"]
[SourceVersion "1"]
[SourceVersionDate "2001.11.25"]
[SourceQuality "1"]

1. d4 d5 2. c4 dxc4 3. Nc3 a6 4. e4 b5 5. a4 b4 6. Nd5 e6 7. Ne3 Bb7 8. f3 Nc6 9. Ne2 Na5 10. Rb1 c5 11. Ng3 Qxd4 12. Nxc4 Nxc4 13. Qxd4 cxd4 14. Bxc4 Bd6 15. Ne2 e5 16. Ng3 Ne7 17. 0-0 0-0 18. f4 Rac8 19. b3 exf4 20. Bxf4 Bxf4 21. Rxf4 Ng6 22. Rf5 Rce8 23. Rbf1 Ne5 24. Bd5 Bxd5 25. exd5 d3 26. Rd1 f6 27. Rf4 Rd8 28. Rd4 Rd7 29. Ne4 Rc8 30. Nf2 Rcd8 31. Rxb4 Rxd5 32. Rb6 a5 33. Ne4 h6 34. h3 Kh8 35. Kf2 Rc8 36. Ke3 Rc2 37. Rd2 Rc1 38. Nd6 Re1+ 39. Kf2 Rc1 40. Ke3 Kh7 41. Nb5 Nd7 42. Rd6 Re5+ 43. Kf3 Nc5 44. R2xd3 Rf1+ 45. Kg3 Rg5+ 46. Kh2 Nxd3 47. Rxd3 Rf2 0-1

[Event "Geneve op 17th"]
[Site "Geneve"]
[Date "2001.01.20"]
[Round "1"]
[White "Delanoy, Arnaud"]
[Black "Korotylev, Alexey"]
[Result "0-1"]
[WhiteElo "2184"]
[BlackElo "2554"]
[PlyCount "62"]
[EventDate "2001.01.20"]
[EventType "swiss"]
[EventRounds "9"]
[EventCountry "SUI"]
[SourceTitle "EXT 2002"]
[Source "ChessBase"]
[SourceDate "2001.11.25"]
[SourceVersion "1"]
[SourceVersionDate "2001.11.25"]
[SourceQuality "1"]

1. e4 c5 2. Nc3 Nc6 3. Nf3 d6 4. d4 cxd4 5. Nxd4 Nf6 6. Bc4 e6 7. Be3 a6 8. Bb3 Be7 9. 0-0 0-0 10. f4 Nxd4 11. Bxd4 b5 12. a3 Bb7 13. Qe1 a5 14. Rd1 b4 15. axb4 axb4 16. e5 bxc3 17. exf6 Bxf6 18. Qxc3 Bxd4+ 19. Qxd4 Qa5 20. Qxd6 Rad8 21. Qe5 Qb6+ 22. Kh1 Qf2 23. Qg5 Rd2 24. Rg1 Bxg2+ 25. Qxg2 Qxg2+ 26. Rxg2 Rxd1+ 27. Rg1 Rfd8 28. Ba4 Rxg1+ 29. Kxg1 Rd4 30. b3 Rxf4 31. c4 Kf8 0-1

[Event "Imperia op-A 42nd"]
[Site "Imperia"]
[Date "2000.09.06"]
[Round "4"]
[White "Gross, Stefan"]
[Black "Delanoy, Arnaud"]
[Result "1-0"]
[WhiteElo "2357"]
[BlackElo "2120"]
[PlyCount "46"]
[EventDate "2000.09.03"]
[EventType "swiss"]
[EventRounds "9"]
[EventCountry "ITA"]
[SourceTitle "EXT 2001"]
[Source "ChessBase"]
[SourceDate "2000.11.22"]
[SourceVersion "1"]
[SourceVersionDate "2000.11.22"]
[SourceQuality "1"]

1. Nf3 d5 2. g3 Bg4 3. Bg2 Nd7 4. d3 e5 5. c4 dxc4 6. dxc4 c6 7. Qc2 Ngf6 8. Nc3 Bc5 9. 0-0 0-0 10. h3 Bh5 11. Nh4 a5 12. a3 Qe7 13. Rb1 Bg6 14. Nxg6 fxg6 15. Na4 Ba7 16. b4 axb4 17. axb4 Rac8 18. c5 Kh8 19. e4 b6 20. Be3 Rb8 21. cxb6 Nxb6 22. Bc5 Qb7 23. Bxf8 Rxf8 1-0

[Event "Martinez op-A"]
[Site "Cannes"]
[Date "2000.07.31"]
[Round "3"]
[White "Delanoy, Arnaud"]
[Black "Gaubil, Olivier"]
[Result "0-1"]
[WhiteElo "2120"]
[BlackElo "2003"]
[PlyCount "58"]
[EventDate "2000.07.29"]
[EventType "swiss"]
[EventRounds "9"]
[EventCountry "FRA"]
[SourceTitle "EXT 2001"]
[Source "ChessBase"]
[SourceDate "2000.11.22"]
[SourceVersion "1"]
[SourceVersionDate "2000.11.22"]
[SourceQuality "1"]

1. e4 e6 2. d4 d5 3. Nc3 Bb4 4. e5 c5 5. dxc5 Qc7 6. Nf3 Nd7 7. Bd2 Nxe5 8. Nb5 Nxf3+ 9. gxf3 Qe5+ 10. Be2 Bxd2+ 11. Qxd2 Bd7 12. 0-0-0 Bxb5 13. Bxb5+ Kf8 14. f4 Qf6 15. Qb4 a5 16. Qd2 Ne7 17. Bd3 g6 18. Rhg1 Kg7 19. Rg5 h6 20. Rg4 Rhc8 21. h4 h5 22. Rg5 Rxc5 23. Rdg1 Kf8 24. Qe3 Rac8 25. a3 d4 26. Qf3 Nd5 27. f5 exf5 28. Bxf5 Rxc2+ 29. Kb1 d3 0-1

[Event "Toulouse CEIT op"]
[Site "Toulouse"]
[Date "2000.??.??"]
[Round "4"]
[White "Delanoy, Arnaud"]
[Black "Cousigne, Frederic"]
[Result "1/2-1/2"]
[WhiteElo "2120"]
[BlackElo "2148"]
[PlyCount "116"]
[EventDate "2000.08.07"]
[EventType "swiss"]
[EventRounds "7"]
[EventCountry "FRA"]
[SourceTitle "EXT 2001"]
[Source "ChessBase"]
[SourceDate "2000.11.22"]
[SourceVersion "1"]
[SourceVersionDate "2000.11.22"]
[SourceQuality "1"]

1. e4 c5 2. Nc3 e6 3. Nf3 Nc6 4. d4 cxd4 5. Nxd4 a6 6. Be2 Nge7 7. Bf4 d6 8. Nxc6 Nxc6 9. Qd2 Be7 10. 0-0-0 Ne5 11. Be3 b5 12. Qd4 0-0 13. f4 Nc6 14. Qb6 Qd7 15. Bf2 Rb8 16. Qe3 Na5 17. e5 d5 18. Ne4 Qc7 19. Ng3 Nc4 20. Qd4 Bd7 21. Nh5 Rfc8 22. Bxc4 Qxc4 23. Qxc4 Rxc4 24. Rd4 Rc7 25. Ng3 Rbc8 26. Rd2 Bb4 27. c3 Ba5 28. a3 Rc4 29. Rd4 R4c6 30. Rd2 Bd8 31. Ne2 a5 32. Kb1 Be7 33. Rc1 Kf8 34. g3 Ke8 35. Nd4 Ra6 36. Nc2 Rca8 37. Rd4 Rc6 38. Rd2 Rac8 39. Nd4 Rc4 40. Ne2 Ra8 41. Rd4 Rc6 42. Rd2 Rca6 43. Kc2 b4 44. axb4 axb4 45. Kd1 b3 46. Nd4 Rb8 47. Ke1 Ra2 48. Be3 Ra4 49. Rdd1 Kd8 50. Ra1 Ra2 51. Rdb1 Ba4 52. Bc1 Bc5 53. Be3 Bxd4 54. Bxd4 h6 55. Kd2 Bb5 56. Bc5 Rba8 57. Rxa2 bxa2 58. Ra1 Kd7 1/2-1/2

[Event "Groningen op"]
[Site "Groningen"]
[Date "1999.12.21"]
[Round "3"]
[White "Delanoy, Arnaud"]
[Black "Wiersma, Eelke"]
[Result "0-1"]
[WhiteElo "2122"]
[BlackElo "2362"]
[PlyCount "62"]
[EventDate "1999.12.19"]
[EventType "swiss"]
[EventRounds "11"]
[EventCountry "NED"]
[SourceTitle "CBM 073 Extra"]
[Source "ChessBase"]
[SourceDate "2000.01.11"]
[SourceVersion "1"]
[SourceVersionDate "2000.01.11"]
[SourceQuality "1"]

1. e4 c5 2. Nc3 Nc6 3. Nf3 g6 4. d4 cxd4 5. Nxd4 Bg7 6. Be3 Nf6 7. Nxc6 bxc6 8. e5 Nd5 9. Nxd5 cxd5 10. Qxd5 Rb8 11. Bxa7 Rxb2 12. Bd4 Rb8 13. Bc4 0-0 14. 0-0 d6 15. Bb3 Bb7 16. Qc4 dxe5 17. Bb2 e6 18. Qe2 Qg5 19. g3 Rfc8 20. Rfe1 Qf5 21. g4 Qf4 22. Bc1 Qf3 23. Qxf3 Bxf3 24. Bb2 Rc5 25. h3 h5 26. gxh5 e4 27. Bxg7 Rg5+ 28. Kf1 Rxh5 29. Re3 Rxh3 30. Rxf3 exf3 31. Kg1 Kxg7 0-1

[Event "Saint Quentin op"]
[Site "Saint Quentin"]
[Date "1999.04.25"]
[Round "9"]
[White "Delanoy, Arnaud"]
[Black "Graziani, Jacques"]
[Result "1/2-1/2"]
[WhiteElo "2133"]
[BlackElo "2021"]
[PlyCount "42"]
[EventDate "1999.04.??"]
[EventType "swiss"]
[EventRounds "9"]
[EventCountry "FRA"]
[SourceTitle "EXT 2000"]
[Source "ChessBase"]
[SourceDate "1999.11.16"]
[SourceVersion "1"]
[SourceVersionDate "1999.11.16"]
[SourceQuality "1"]

1. e4 d6 2. d4 Nf6 3. Nc3 g6 4. f4 Bg7 5. Nf3 0-0 6. Bd3 Na6 7. e5 Ng4 8. h3 Nh6 9. Be3 Nf5 10. Bf2 c5 11. Bxa6 cxd4 12. Nxd4 bxa6 13. Nxf5 Bxf5 14. exd6 exd6 15. 0-0 Rb8 16. Bd4 Bxc2 17. Qd2 Bxd4+ 18. Qxd4 Qb6 19. Qxb6 axb6 20. Rf2 Bf5 21. Rd2 Rfd8 1/2-1/2

[Event "Saint Quentin op"]
[Site "Saint Quentin"]
[Date "1999.04.17"]
[Round "1"]
[White "Delanoy, Arnaud"]
[Black "Legky, Nikolay A"]
[Result "0-1"]
[WhiteElo "2133"]
[BlackElo "2487"]
[PlyCount "56"]
[EventDate "1999.04.??"]
[EventType "swiss"]
[EventRounds "9"]
[EventCountry "FRA"]
[SourceTitle "EXT 2000"]
[Source "ChessBase"]
[SourceDate "1999.11.16"]
[SourceVersion "1"]
[SourceVersionDate "1999.11.16"]
[SourceQuality "1"]

1. e4 e6 2. d4 d5 3. Nc3 Nf6 4. Bg5 dxe4 5. Nxe4 Nbd7 6. Nxf6+ Nxf6 7. Nf3 h6 8. Bh4 c5 9. Bb5+ Bd7 10. Bxd7+ Qxd7 11. Bxf6 gxf6 12. c3 cxd4 13. Nxd4 Bc5 14. Qf3 Bxd4 15. cxd4 Qxd4 16. 0-0 0-0-0 17. a4 f5 18. a5 a6 19. b4 Qxb4 20. Rab1 Qe4 21. Qb3 Kb8 22. Qb6 Ka8 23. Qc7 Rhf8 24. Rb6 Rd2 25. Rfb1 Rfd8 26. h3 R2d7 27. Qc5 Rd1+ 28. Kh2 Rxb1 0-1

[Event "Nereto op"]
[Site "Nareto"]
[Date "1999.??.??"]
[Round "4"]
[White "Sibilio, Mario"]
[Black "Delanoy, Arnaud"]
[Result "1-0"]
[WhiteElo "2338"]
[BlackElo "2133"]
[PlyCount "57"]
[EventDate "1999.??.??"]
[EventType "swiss"]
[EventRounds "9"]
[EventCountry "ITA"]
[SourceTitle "EXT 2000"]
[Source "ChessBase"]
[SourceDate "1999.11.16"]
[SourceVersion "1"]
[SourceVersionDate "1999.11.16"]
[SourceQuality "1"]

1. d4 d5 2. Nf3 Nf6 3. c4 dxc4 4. Nc3 c6 5. e4 b5 6. e5 Nd5 7. a4 e6 8. axb5 Nxc3 9. bxc3 cxb5 10. Ng5 Qd5 11. Qh5 g6 12. Qg4 h6 13. Be2 Bb7 14. Bf3 Qd7 15. Ne4 Be7 16. Ba3 Nc6 17. Bxe7 Qxe7 18. Nd6+ Kf8 19. Nxb5 Kg7 20. Nd6 Rhd8 21. 0-0 Rxd6 22. exd6 Qxd6 23. Rfb1 Rb8 24. Qg3 Qxg3 25. hxg3 Nd8 26. Rxa7 Bxf3 27. Rxb8 Nc6 28. gxf3 Nxa7 29. Rb4 1-0

[Event "Cesenatico op 3rd"]
[Site "Cesenatico"]
[Date "1998.??.??"]
[Round "4"]
[White "Trumpf, Walter"]
[Black "Delanoy, Arnaud"]
[Result "1/2-1/2"]
[WhiteElo "2150"]
[BlackElo "2125"]
[PlyCount "100"]
[EventDate "1998.??.??"]
[EventType "swiss"]
[EventRounds "9"]
[EventCountry "ITA"]
[SourceTitle "EXT 2000"]
[Source "ChessBase"]
[SourceDate "1999.11.16"]
[SourceVersion "1"]
[SourceVersionDate "1999.11.16"]
[SourceQuality "1"]

1. d4 d5 2. e4 dxe4 3. Nc3 e5 4. Nxe4 exd4 5. Bd3 Nf6 6. Ne2 Nc6 7. 0-0 Be7 8. N2g3 0-0 9. Re1 Be6 10. Ng5 Bg4 11. f3 Bd7 12. c3 dxc3 13. bxc3 h6 14. N5e4 Ne5 15. Bc2 Nxe4 16. Rxe4 Ng6 17. Be3 Bf6 18. Qe1 Re8 19. Rd1 Qc8 20. Nh5 Bg5 21. Bxg5 hxg5 22. Qd2 Rxe4 23. Bxe4 Bf5 24. Bd5 Nf4 25. Nxf4 gxf4 26. Qxf4 Be6 27. Be4 a5 28. a3 Ra6 29. Qh4 Rd6 30. Rb1 f5 31. Bxb7 Qd7 32. Qe1 Ba2 33. Rc1 Rb6 34. Qe2 Bf7 35. Rd1 Rd6 36. Rxd6 Qxd6 37. h4 Qb6+ 38. Kh2 Qxb7 39. Qe5 Qc6 40. Qxa5 Qd6+ 41. Kh3 Bd5 42. Qa7 Kh7 43. Qd4 Bc6 44. Qxd6 cxd6 45. Kg3 Kg6 46. Kf4 Kf6 47. g4 g6 48. gxf5 gxf5 49. h5 Be8 50. h6 Bc6 1/2-1/2

[Event "Cannes op-B 18th"]
[Site "Cannes"]
[Date "1997.??.??"]
[Round "2"]
[White "Lacrosse, Marc"]
[Black "Delanoy, Arnaud"]
[Result "1-0"]
[WhiteElo "2285"]
[BlackElo "2150"]
[PlyCount "63"]
[EventDate "1997.02.22"]
[EventType "swiss"]
[EventRounds "9"]
[EventCountry "FRA"]
[SourceTitle "CBM 057 Extra"]
[Source "ChessBase"]
[SourceDate "1997.05.01"]
[SourceVersion "1"]
[SourceVersionDate "1997.05.01"]
[SourceQuality "1"]

1. d4 d5 2. c4 e6 3. Nc3 Be7 4. Nf3 Nf6 5. Bg5 0-0 6. e3 Ne4 7. Bxe7 Qxe7 8. Rc1 Nxc3 9. Rxc3 c6 10. Bd3 dxc4 11. Bxc4 Nd7 12. 0-0 e5 13. d5 cxd5 14. Qxd5 e4 15. Nd4 Nb6 16. Qh5 g6 17. Qe2 Nxc4 18. Qxc4 Bd7 19. Qd5 Bg4 20. h3 Rfd8 21. Qb3 Bxh3 22. gxh3 Qg5+ 23. Kh2 Qe5+ 24. f4 exf3+ 25. Kh1 Rd7 26. Rxf3 Qe4 27. Qc2 Qh4 28. Rc8+ Rd8 29. Rxa8 Rxa8 30. Qc7 Rf8 31. Qf4 Qe7 32. Qf6 1-0

[Event "Cannes Martinez op"]
[Site "Cannes"]
[Date "1996.??.??"]
[Round "8"]
[White "De Lagontrie, Jean"]
[Black "Delanoy, Arnaud"]
[Result "0-1"]
[WhiteElo "2065"]
[BlackElo "2150"]
[PlyCount "58"]
[EventDate "1996.08.??"]
[EventType "swiss"]
[EventRounds "9"]
[EventCountry "FRA"]
[SourceTitle "EXT 1998"]
[Source "ChessBase"]
[SourceDate "1997.11.17"]
[SourceVersion "1"]
[SourceVersionDate "1997.11.17"]
[SourceQuality "1"]

1. d4 d5 2. c4 e6 3. Nc3 Be7 4. Nf3 Nf6 5. cxd5 exd5 6. Bg5 c6 7. Qc2 0-0 8. e3 Ne4 9. Bxe7 Qxe7 10. Bd3 Bf5 11. 0-0 Nd7 12. Bxe4 dxe4 13. Nd2 Rae8 14. Rae1 Qe6 15. Kh1 Nf6 16. Qa4 a6 17. f3 exf3 18. gxf3 Nd5 19. e4 Nf4 20. Qc2 Bh3 21. Rg1 Qf6 22. e5 Qh4 23. Qb1 Qf2 24. Re2 Nxe2 25. Nxe2 Qxe2 26. Rg3 Qxd2 27. Rxh3 h6 28. Qg1 Re6 29. Rg3 Rg6 0-1

[Event "Budapest IM"]
[Site "Budapest"]
[Date "1996.??.??"]
[Round "?"]
[White "Delanoy, Arnaud"]
[Black "Siklosi, Zoltan"]
[Result "0-1"]
[WhiteElo "2200"]
[BlackElo "2315"]
[PlyCount "62"]
[EventDate "1996.??.??"]
[EventType "tourn"]
[EventRounds "11"]
[EventCountry "HUN"]
[EventCategory "2"]
[SourceTitle "EXT 2006"]
[Source "ChessBase"]
[SourceDate "2005.11.24"]
[SourceVersion "1"]
[SourceVersionDate "2005.11.24"]
[SourceQuality "1"]

1. Nf3 d5 2. g3 c6 3. b3 Bf5 4. Bb2 h6 5. Bg2 e6 6. c4 Nf6 7. 0-0 Nbd7 8. Re1 Be7 9. d4 0-0 10. Nc3 a5 11. Rc1 Qb6 12. Na4 Qa6 13. Ne5 Nxe5 14. dxe5 Ne4 15. g4 Bh7 16. cxd5 exd5 17. f3 b5 18. fxe4 bxa4 19. exd5 cxd5 20. Bxd5 Bg5 21. e3 Rad8 22. Qf3 Qd3 23. Rcd1 Qc2 24. Ba3 Rxd5 25. Qxd5 Be4 26. Qd2 Rc8 27. Qxc2 Rxc2 28. Rd4 Bf3 29. h3 Rg2+ 30. Kf1 Bh4 31. Rxa4 Rh2 0-1

[Event "Cannes Martinez op"]
[Site "Cannes"]
[Date "1996.??.??"]
[Round "3"]
[White "Nataf, Igor Alexandre"]
[Black "Delanoy, Arnaud"]
[Result "1-0"]
[WhiteElo "2305"]
[BlackElo "2150"]
[PlyCount "39"]
[EventDate "1996.08.??"]
[EventType "swiss"]
[EventRounds "9"]
[EventCountry "FRA"]
[SourceTitle "EXT 1998"]
[Source "ChessBase"]
[SourceDate "1997.11.17"]
[SourceVersion "1"]
[SourceVersionDate "1997.11.17"]
[SourceQuality "1"]

1. d4 d5 2. Bg5 Nf6 3. e3 e6 4. Nd2 Be7 5. Bd3 Nbd7 6. f4 c5 7. c3 Ng8 8. Ngf3 h6 9. Bxe7 Qxe7 10. 0-0 f5 11. Ne5 Nxe5 12. fxe5 Bd7 13. c4 g6 14. Rc1 b6 15. Qf3 Bc6 16. cxd5 Bxd5 17. e4 Bb7 18. Nc4 Kf8 19. Nd6 cxd4 20. Qg3 1-0